| 000 | 00527nam a22001937a 4500 | ||
|---|---|---|---|
| 003 | NUST - PNEC | ||
| 005 | 20170116180809.0 | ||
| 008 | 150424b xxu||||| |||| 00| 0 eng d | ||
| 020 | _a8174885617 | ||
| 040 | _cLIBRARY | ||
| 082 | _a428.24 VER | ||
| 100 |
_93201 _aVerghese, B.V. |
||
| 245 |
_aRight word wrong word _cB.V. Verghese |
||
| 250 | _a- | ||
| 260 |
_aNew Delhi _bAnmol Publications PVT. LTD. _cc1997. |
||
| 300 | _a207 p. : | ||
| 650 |
_93203 _aEnglish language--Errors of usage _xGeneral, AS |
||
| 942 |
_2ddc _cBK |
||
| 999 |
_c63298 _d63298 |
||